A devotion to their science (Record no. 236811)
[ view plain ]
| 000 -LEADER | |
|---|---|
| fixed length control field | 01373nam a2200313Ia 4500 |
| 100 1# - MAIN ENTRY--AUTHOR NAME | |
| Personal name | Rayner-Canham, Marelene F. |
| 245 12 - TITLE STATEMENT | |
| Title | A devotion to their science |
| 260 ## - PUBLICATION, DISTRIBUTION, ETC. (IMPRINT) | |
| Place of publication | Montreal : |
| Name of publisher | McGill-Queen's University Press ; |
| Place of publication | Philadelphia : |
| Name of publisher | Chemical Heritage Foundation, |
| Year of publication | c1997. |
| 300 ## - PHYSICAL DESCRIPTION | |
| Number of Pages | xiv, 307 p. : |
| Other physical details | ill. |
| 650 #0 - SUBJECT ADDED ENTRY--TOPICAL TERM | |
| Topical Term | Women physicists |
| Topical Term | Women chemists |
| Topical Term | Nuclear physics |
| Topical Term | Radioactivity |
| 700 1# - ADDED ENTRY--PERSONAL NAME | |
| Personal name | Rayner-Canham, Geoffrey. |
| 856 40 - ELECTRONIC LOCATION AND ACCESS | |
| Uniform Resource Identifier | http://site.ebrary.com/lib/rucke/Doc?id=10178243 |
No items available.
